| 000 | 00948nam a2200253 i 4500 | ||
|---|---|---|---|
| 001 | 110860 | ||
| 003 | ES-MaACL | ||
| 005 | 20260127062541.0 | ||
| 007 | t| | ||
| 008 | 070202s1921 sp ||||1| spa d | ||
| 080 | _a316:2 | ||
| 100 | 1 |
_aGuallar Poza, Santiago. _960293 |
|
| 245 | 1 | 4 |
_aLas soluciones cristianas al problema social _b: Conferencia / _cpor Santiago Guallar Poza. |
| 260 |
_aMadrid : _bReus, _c1921. |
||
| 300 |
_a48 p. ; _c18 cm. |
||
| 490 | 1 |
_aPublicaciones de la Real Academia de Jurisprudencia y Legislación ; _v34 |
|
| 500 | _3Sesión del día 7 de Febrero de 1921 | ||
| 610 | 2 | 4 |
_aIglesia Católica- _xDoctrina social _94642 |
| 650 | 7 |
_aProblemas sociales _2embne _916415 |
|
| 700 |
_aReal Academia de Jurisprudencia y Legislación de España _9217612 |
||
| 830 | 0 |
_aPublicaciones de la Real Academia de Jurisprudencia y Legislación ; _v34 _9180630 |
|
| 852 |
_aES-MaACL _jL-5202 |
||
| 999 |
_c110860 _d110860 |
||